Normal view
MARC view
- Lodhi, Abdul Haseeb
Entry Personal Name
001 - CONTROL NUMBER
- control field: 121346
003 - CONTROL NUMBER IDENTIFIER
- control field: NUST
005 - DATE AND TIME OF LATEST TRANSACTION
- control field: 20240226154108.0
008 - FIXED-LENGTH DATA ELEMENTS
- fixed length control field: 240226|| aca||aabn | a|a d
040 ## - CATALOGING SOURCE
- Original cataloging agency: NUST
- Transcribing agency: NUST
100 ## - HEADING--PERSONAL NAME
- Personal name: Lodhi, Abdul Haseeb
670 ## - SOURCE DATA FOUND
- Source citation: Work cat.: (NUST): Lodhi, Abdul Haseeb , Analysis of Airflow Patterns and Microplastic Particles Deposition of Various Shapes in Realistic Human Lungs Model using CFDDiscrete Phase Method /
